Modern Western civilization : (Record no. 99202)

MARC details
000 -LEADER
fixed length control field 01136cam a2200313 i 4500
001 - CONTROL NUMBER
control field 408873
003 - CONTROL NUMBER IDENTIFIER
control field URS
005 - DATE AND TIME OF LATEST TRANSACTION
control field 20260326151010.0
008 - FIXED-LENGTH DATA ELEMENTS--GENERAL INFORMATION
fixed length control field 810108r19811976dcua b 001 0 eng
010 ## - LIBRARY OF CONGRESS CONTROL NUMBER
LC control number 80006198
020 ## - INTERNATIONAL STANDARD BOOK NUMBER
International Standard Book Number 0819114359 (pbk.) :
Terms of availability $10.00
020 ## - INTERNATIONAL STANDARD BOOK NUMBER
International Standard Book Number 0819114340 (hard) :
Terms of availability $19.25
020 ## - INTERNATIONAL STANDARD BOOK NUMBER
International Standard Book Number 9780819114358
020 ## - INTERNATIONAL STANDARD BOOK NUMBER
International Standard Book Number 9780819114341
040 ## - CATALOGING SOURCE
Original cataloging agency DLC
Transcribing agency DLC
Modifying agency URS
Language of cataloging eng
Description conventions rda
050 10 - LIBRARY OF CONGRESS CALL NUMBER
Classification number CB357
Item number .M8271 1981
100 1# - MAIN ENTRY--PERSONAL NAME
Personal name Mork, Gordon R.
245 10 - TITLE STATEMENT
Title Modern Western civilization :
Remainder of title a concise history /
Statement of responsibility, etc. Gordon R. Mork.
260 ## - PUBLICATION, DISTRIBUTION, ETC.
Place of publication, distribution, etc. Washington, D.C. :
Name of publisher, distributor, etc. University Press of America,
Date of publication, distribution, etc. c1981.
300 ## - PHYSICAL DESCRIPTION
Extent 241 pages:
Other physical details illustrations;
Dimensions 23 cm
336 ## - CONTENT TYPE
Content type term text
Content type code txt
Source rdacontent
337 ## - MEDIA TYPE
Media type term unmediated
Media type code n
Source rdamedia
338 ## - CARRIER TYPE
Carrier type term volume
Carrier type code nc
Source rdacarrier
500 ## - GENERAL NOTE
General note Reprint of the 1976 ed. published by Dorsey Press, Homewood, Ill., in series: The Dorsey series in European history.
504 ## - BIBLIOGRAPHY, ETC. NOTE
Bibliography, etc. note Includes bibliographical references and index.
650 #0 - SUBJECT ADDED ENTRY--TOPICAL TERM
Topical term or geographic name entry element Civilization, Modern
General subdivision History.
650 #0 - SUBJECT ADDED ENTRY--TOPICAL TERM
Topical term or geographic name entry element Civilization, Western
General subdivision History.
942 ## - ADDED ENTRY ELEMENTS (KOHA)
Source of classification or shelving scheme Library of Congress Classification
Koha item type Foreign Books
Classification part CB357
Item part .M8271 1981
Holdings
Withdrawn status Source of classification or shelving scheme Damaged status Not for loan Home library Current library Shelving location Date acquired Total Checkouts Full call number Barcode Date last seen Price effective from Koha item type
  Library of Congress Classification     Angono College Library Angono College Library Foreign Section 03/17/2026   CB357 .M8271 1981 URSANG-1906 03/17/2026 03/17/2026 Foreign Books

University of Rizal System
Email us at univlibservices@urs.edu.ph

Visit our Website www.urs.edu.ph/library